[Event "SWE-ch Veterans"]
[Site "Umea"]
[Date "2003.07.10"]
[Round "5"]
[White "Schoen, Stig"]
[Black "Marklund, Egon"]
[Result "1/2-1/2"]
[WhiteElo "2005"]
[BlackElo "2006"]
[PlyCount "35"]
[EventDate "2003.07.06"]
[EventType "swiss"]
[EventRounds "7"]
[EventCountry "SWE"]
[SourceTitle "CBM 095 Extra"]
[Source "ChessBase"]
[SourceDate "2003.09.04"]
[SourceVersion "1"]
[SourceVersionDate "2003.09.04"]
[SourceQuality "1"]

1. d4 c6 2. c4 Nf6 3. Nc3 d5 4. Bg5 e6 5. e3 Nbd7 6. cxd5 exd5 7. Qc2 Be7 8. Bd3 0-0 9. Nge2 h6 10. h4 Re8 11. 0-0-0 b5 12. Nf4 Nf8 13. Bxf6 Bxf6 14. g3 Bg4 15. Be2 Qd7 16. Bxg4 Qxg4 17. Qe2 Qxe2 18. Ncxe2 1/2-1/2

[Event "SWE-ch Veterans"]
[Site "Umea"]
[Date "2003.07.08"]
[Round "3"]
[White "Schoen, Stig"]
[Black "Soderborg, Berndt"]
[Result "1/2-1/2"]
[WhiteElo "2005"]
[BlackElo "2049"]
[PlyCount "108"]
[EventDate "2003.07.06"]
[EventType "swiss"]
[EventRounds "7"]
[EventCountry "SWE"]
[SourceTitle "CBM 095 Extra"]
[Source "ChessBase"]
[SourceDate "2003.09.04"]
[SourceVersion "1"]
[SourceVersionDate "2003.09.04"]
[SourceQuality "1"]

1. d4 Nf6 2. Nf3 g6 3. c4 Bg7 4. Nc3 d5 5. Bf4 0-0 6. Rc1 c6 7. e3 Be6 8. Qb3 b6 9. Bd3 dxc4 10. Bxc4 Nd5 11. Be5 f6 12. Bg3 Bf7 13. e4 Bh6 14. Rd1 b5 15. Nxb5 cxb5 16. Bxd5 Bxd5 17. Qxd5+ Qxd5 18. exd5 Rd8 19. d6 exd6 20. Ke2 Nc6 21. d5 Ne5 22. Nd4 Rac8 23. f4 Nf7 24. Rc1 Rc5 25. Rxc5 dxc5 26. Nxb5 Rb8 27. a4 a6 28. Nc7 Rxb2+ 29. Kd3 a5 30. Ne6 Bf8 31. Rc1 Rb3+ 32. Rc3 Rb4 33. Nxc5 Bxc5 34. Rxc5 Rxa4 35. f5 Ne5+ 36. Bxe5 fxe5 37. fxg6 hxg6 38. d6 Rd4+ 39. Ke3 Rxd6 40. Rxa5 Kf7 41. Rxe5 Rd1 42. Kf3 Rh1 43. h3 Ra1 44. Kg4 Kf6 45. Rb5 Ra4+ 46. Kg3 Ra3+ 47. Kh4 Ra4+ 48. g4 Rc4 49. Rb6+ Kg7 50. Rb3 Ra4 51. Re3 Rb4 52. Re5 Kf6 53. Ra5 Rc4 54. Rb5 Ra4 1/2-1/2